000 01062am a2200289a 44500
003 AR-BaBNM
005 20251128203846.0
008 227019s1971 #AR|||||||||||000 | esp||
040 _cAR-BaBNM
100 1 _aMoffit, John Clifton
245 1 0 _aPerfeccionamiento docente
260 _aBuenos Aires
_bTroquel
_c1971
300 _a129 p.
490 0 _aBiblioteca de la Nueva Educación
500 _aEsta publicación ha sido preparada conjuntamente por la editorial y el Centro Regional de Ayuda Técnica, Agencia para el Desarrollo Internacional AID, Departamento de Estado del Gobierno de los Estados Unidos de América. El Centro es una organización dedi
504 _aContiene glosario y bibliografía
650 4 _aPERFECCIONAMIENTO DEL DOCENTE
650 4 _aCURSOS DE PERFECCIONAMIENTO
650 4 _aFORMACION DE DOCENTES
650 4 _aDESARROLLO PROFESIONAL
650 4 _aROL DEL DOCENTE
651 4 _aEstados Unidos
700 1 _aAlbert, Rosa
_etraductor
700 1 _aMerkley, Marion G.
_eprologuista
942 _cBK
998 _csilvi
999 _c5220
_d5220